Política Social: vínculo entre Estado y sociedad /
Պահպանված է:
| Հիմնական հեղինակ: | |
|---|---|
| Համատեղ հեղինակ: | |
| Այլ հեղինակներ: | |
| Ձևաչափ: | Տեքստ |
| Հրապարակվել է: |
San José:
UCR
|
| Խորագրեր: | |
| Ցուցիչներ: |
Ավելացրեք ցուցիչ
Չկան պիտակներ, Եղեք առաջինը, ով նշում է այս գրառումը!
|
MARC
| LEADER | 00000 a a2200000 04500 | ||
|---|---|---|---|
| 001 | 26960 | ||
| 003 | |||
| 040 | |||
| 020 | |a 9977-67-621-6 | ||
| 090 | |a 183106 | ||
| 100 | |a Reuben Soto, Sergio | ||
| 110 | |a Universidad de Costa Rica. Facultad de Ciencias Sociales. Escuela de Antropología y Sociología | ||
| 245 | |a Política Social: vínculo entre Estado y sociedad / |c Sergio Reuben Soto | ||
| 260 | |a San José: |b UCR | ||
| 300 | |a 449 p. | ||
| 650 | |a POLITICA GUBERNAMENTAL | ||
| 650 | |a CUIDADANIA | ||
| 650 | |a DERECHOS HUMANOS | ||
| 700 | |a ed. | ||
| 999 | |c 14829 |d 14829 | ||



